| 000 | 00429cam a22001337a 4500 | ||
|---|---|---|---|
| 008 | 180718b1961 xxu||||| |||| 00| 0 eng d | ||
| 082 | _aB19x6757 M322 | ||
| 100 | _aMaquet, Jacques J. | ||
| 245 |
_aThe premise of inequality in Ruanda: a study of political relations in a central African kingdom _cby Jacques J. Maquet |
||
| 260 |
_aLondon _bOUP _c1961 |
||
| 300 | _a199p. | ||
| 500 | _a35/- | ||
| 650 | _aSocial Conditions - Ruanda | ||
| 999 |
_c372984 _d372984 |
||